Normal view
MARC view
- Khan, Abdul Waheed
Entry Personal Name
001 - CONTROL NUMBER
- control field: 6122
003 - CONTROL NUMBER IDENTIFIER
- control field: NUST
005 - DATE AND TIME OF LATEST TRANSACTION
- control field: 20171108093713.0
008 - FIXED-LENGTH DATA ELEMENTS
- fixed length control field: 171108|| aca||aabn | a|a d
040 ## - CATALOGING SOURCE
- Original cataloging agency: NUST
- Transcribing agency: NUST
100 ## - HEADING--PERSONAL NAME
- Personal name: Khan, Abdul Waheed
670 ## - SOURCE DATA FOUND
- Source citation: Work cat.: (NUST)0: Khan, Abdul Waheed, The personality of Allah's last messenger Muhammad (PBUP), 2010
